LEADER 01149nam a2200277 i 4500 001 000000160239 003 CaOOAMICUS 005 20181122111703.0 008 070315s1980 it u000 u ita u 013 $a137602 040 $aSeMil$bita 100 1 $aLami, Lucio.$0(OLS)http://semarc/name/42172 245 13$aIl grido delle formiche :$ble incognite dell'URSS. Incontri con 22 protagonisti del dissenso sovietico /$cLucio Lami. 260 $aMilano :$bRusconi,$c1980. 300 $a294 p. ;$c21 cm. 490 0 $aPamphlet [Rusconi] 500 $aFondo Card. Giovanni Colombo. 650 4$aDissenso politico - Unione Sovietica.$0(OLS)http://semarc/subject/17344 830 0$aPamphlet.$0(OLS)http://semarc/title/420054 850 $aSeMil 852 $aSeMil$W1$xVenegono$y1$m1E II 53$j111715$B111715$CSeMilBibl$Z2$F121672 $81 941 1 $a3 961 $aLascito: Colombo Card. Giovanni 996 $6245$aIl grido delle formiche :$ble incognite dell'URSS. Incontri con 22 protagonisti del dissenso sovietico$9(OLS)http://semarc/title/142736 996 $6260$aMilano :$bRusconi$9(OLS)http://semarc/publisher/30258 LEADER 00667nam a2200181 i 4500 001 000000195773 003 CaOOAMICUS 005 20110720000000.0 008 110720s1796 it u000 u ita u 013 $a174453 026 $an-iu e.e, o.ce TuGl (3) 1796 (R) 040 $aSeMil$bita 245 10$aParte 1. 300 $aXVI, 139, [1] p. 773 0 $tCanzoniere per la monacazione di nobil donzella veneta ... parte prima [-terza].$bSeconda edizione$dVerona : Dalla stamperia Giuliari, 1796.$g1$w()25137 850 $aSeMil 852 $aSeMil$W1$xVenegono$y1$m1G VI 16/1 FA$j146342$B146342$CSeMilBibl$Z2$F165534 $8I 996 $6245$aParte 1$9(OLS)http://semarc/title/49080